| 000 | 01547cam a22003857a 4500 | ||
|---|---|---|---|
| 001 | 14804325 | ||
| 003 | ARRUPE | ||
| 005 | 20220330091611.0 | ||
| 008 | 070411s2006 enka b 001 0 eng | ||
| 010 | _a 2007296427 | ||
| 015 |
_aGBA673972 _2bnb |
||
| 016 | 7 |
_a013541099 _2Uk |
|
| 020 | _a9780199296446 (hbk.) | ||
| 020 | _a0199296448 (hbk.) | ||
| 035 | _a(OCoLC)ocm71238474 | ||
| 035 | _a(OCoLC)71238474 | ||
| 040 |
_aUKM _cUKM _dBAKER _dBWKUK _dYDXCP _dDLC |
||
| 042 | _alccopycat | ||
| 050 | 0 | 0 |
_aQ124.97 _b.G38 2006 |
| 082 | 0 | 4 |
_a509.40902 _222 |
| 100 | 1 |
_aGaukroger, Stephen. _97642 |
|
| 245 | 1 | 4 |
_aThe emergence of a scientific culture : _bscience and the shaping of modernity, 1210-1685 / _cStephen Gaukroger. |
| 260 |
_aOxford : _bClarendon Press ; _aNew York : _bOxford University Press, _c2006. |
||
| 300 |
_aix, 563 p. : _bill. ; _c24 cm. |
||
| 504 | _aIncludes bibliographical references (p. [510]-550) and index. | ||
| 650 | 0 |
_aScience _zEurope _xHistory. _912139 |
|
| 650 | 0 |
_aPhilosophy and science _zEurope _xHistory. _918454 |
|
| 650 | 0 |
_aReligion and science _zEurope _xHistory. _918455 |
|
| 650 | 0 |
_aScience and civilization. _92023 |
|
| 856 | 4 | 2 |
_3Publisher description _uhttp://www.loc.gov/catdir/enhancements/fy0725/2007296427-d.html |
| 856 | 4 | 1 |
_3Table of contents only _uhttp://www.loc.gov/catdir/enhancements/fy0725/2007296427-t.html |
| 906 |
_a7 _bcbc _ccopycat _d2 _encip _f20 _gy-gencatlg |
||
| 942 |
_2lcc _cMONOGRAPH |
||
| 999 |
_c131158 _d131158 |
||